University of California publications. (Record no. 1796)
[ view plain ]
| 000 -LEADER | |
|---|---|
| fixed length control field | 02565cas a2200685 a 4500 |
| 001 - CONTROL NUMBER | |
| control field | data |
| 005 - DATE AND TIME OF LATEST TRANSACTION | |
| control field | 20260322212118.0 |
| 008 - FIXED-LENGTH DATA ELEMENTS--GENERAL INFORMATION | |
| fixed length control field | data |
| 010 ## - LIBRARY OF CONGRESS CONTROL NUMBER | |
| LC control number | sf 83008000 |
| 015 ## - NATIONAL BIBLIOGRAPHY NUMBER | |
| National bibliography number | 011166568 |
| Source | dnb |
| 016 7# - NATIONAL BIBLIOGRAPHIC AGENCY CONTROL NUMBER | |
| Record control number | 011166568 |
| Source | DE-101 |
| 016 7# - NATIONAL BIBLIOGRAPHIC AGENCY CONTROL NUMBER | |
| Record control number | 204009-8 |
| Source | DE-600 |
| 016 7# - NATIONAL BIBLIOGRAPHIC AGENCY CONTROL NUMBER | |
| Record control number | 011148717 |
| Source | Uk |
| 016 7# - NATIONAL BIBLIOGRAPHIC AGENCY CONTROL NUMBER | |
| Record control number | 2040098 |
| Source | de-600 |
| 019 ## - | |
| -- | 1231181206 |
| -- | 11017881 |
| -- | 1064854517 |
| -- | 1230958348 |
| -- | 1231181206 |
| 022 0# - INTERNATIONAL STANDARD SERIAL NUMBER | |
| International Standard Serial Number | 0749-1883 |
| Source | 1 |
| 023 0# - CLUSTER ISSN | |
| Cluster ISSN | 0749-1883 |
| Source | 1 |
| 029 1# - OTHER SYSTEM CONTROL NUMBER (OCLC) | |
| OCLC library identifier | AU@ |
| System control number | 000002879235 |
| 029 1# - OTHER SYSTEM CONTROL NUMBER (OCLC) | |
| OCLC library identifier | DEBBG |
| System control number | BV008004696 |
| 029 1# - OTHER SYSTEM CONTROL NUMBER (OCLC) | |
| OCLC library identifier | HEBIS |
| System control number | 020922124 |
| 029 1# - OTHER SYSTEM CONTROL NUMBER (OCLC) | |
| OCLC library identifier | HEBIS |
| System control number | 047275405 |
| 029 1# - OTHER SYSTEM CONTROL NUMBER (OCLC) | |
| OCLC library identifier | NLGGC |
| System control number | 044980698 |
| 029 1# - OTHER SYSTEM CONTROL NUMBER (OCLC) | |
| OCLC library identifier | NLNZL |
| System control number | 9917220353502836 |
| 029 1# - OTHER SYSTEM CONTROL NUMBER (OCLC) | |
| OCLC library identifier | NZ1 |
| System control number | 15937567 |
| 029 1# - OTHER SYSTEM CONTROL NUMBER (OCLC) | |
| OCLC library identifier | NZ1 |
| System control number | 1722035 |
| 029 1# - OTHER SYSTEM CONTROL NUMBER (OCLC) | |
| OCLC library identifier | ZWZ |
| System control number | 048680540 |
| 029 1# - OTHER SYSTEM CONTROL NUMBER (OCLC) | |
| OCLC library identifier | UKMGB |
| System control number | 011148717 |
| 029 1# - OTHER SYSTEM CONTROL NUMBER (OCLC) | |
| OCLC library identifier | DEHBS |
| System control number | BV008004696 |
| 035 ## - SYSTEM CONTROL NUMBER | |
| System control number | (OCoLC)1552480 |
| 040 ## - CATALOGING SOURCE | |
| Original cataloging agency | DLC |
| Language of cataloging | eng |
| Transcribing agency | MUL |
| Modifying agency | ZYU |
| -- | NYG |
| -- | DLC |
| -- | OCL |
| -- | NSD |
| -- | OCL |
| -- | NST |
| -- | LVB |
| -- | KRTAS |
| -- | OCLCQ |
| -- | HEBIS |
| -- | DEBBG |
| -- | GBVCP |
| -- | UKMGB |
| -- | OCLCF |
| -- | OCLCO |
| -- | OCLCQ |
| -- | NZ1 |
| -- | OCLCO |
| -- | OCLCQ |
| -- | OCLCL |
| -- | OCLCQ |
| -- | ZYU |
| 042 ## - AUTHENTICATION CODE | |
| Authentication code | nsdp |
| -- | nsdp |
| 050 00 - LIBRARY OF CONGRESS CALL NUMBER | |
| Classification number | B21 |
| Item number | .C25 |
| 082 04 - DEWEY DECIMAL CLASSIFICATION NUMBER | |
| Classification number | 106 |
| Item number | C15 |
| Real World Object URI | https://id.oclc.org/worldcat/ddc/E3wQwDxbCJGv4rjkWDmqtRjmqr |
| 210 0# - ABBREVIATED TITLE | |
| Abbreviated title | Univ. Calif. publ. philos. |
| 222 #0 - KEY TITLE | |
| Key title | University of California publications in philosophy |
| 245 00 - TITLE STATEMENT | |
| Title | University of California publications. |
| Name of part/section of a work | Philosophy. |
| 246 10 - VARYING FORM OF TITLE | |
| Title proper/short title | Philosophy |
| 260 ## - PUBLICATION, DISTRIBUTION, ETC. | |
| Place of publication, distribution, etc. | Berkeley [Calif.] : |
| Name of publisher, distributor, etc. | University Press, |
| Date of publication, distribution, etc. | 1904. |
| 300 ## - PHYSICAL DESCRIPTION | |
| Extent | 1 volume ; |
| Dimensions | 26 cm |
| 310 ## - CURRENT PUBLICATION FREQUENCY | |
| Current publication frequency | Irregular |
| 336 ## - CONTENT TYPE | |
| Content type term | text |
| Content type code | txt |
| Source | rdacontent |
| 337 ## - MEDIA TYPE | |
| Media type term | unmediated |
| Media type code | n |
| Source | rdamedia |
| 338 ## - CARRIER TYPE | |
| Carrier type term | volume |
| Carrier type code | nc |
| Source | rdacarrier |
| 362 0# - DATES OF PUBLICATION AND/OR SEQUENTIAL DESIGNATION | |
| Dates of publication and/or sequential designation | Vol. 1. |
| 500 ## - GENERAL NOTE | |
| General note | Vol. 1 has subtitle: Studies in philosophy prepared in commemoration of the 70th birthday of Professor George Holmes Howison. |
| 650 #0 - SUBJECT ADDED ENTRY--TOPICAL TERM | |
| Topical term or geographic name entry element | Philosophy. |
| 650 #2 - SUBJECT ADDED ENTRY--TOPICAL TERM | |
| Topical term or geographic name entry element | Philosophy |
| 650 #6 - SUBJECT ADDED ENTRY--TOPICAL TERM | |
| Topical term or geographic name entry element | Philosophie |
| Form subdivision | Collections. |
| 650 #6 - SUBJECT ADDED ENTRY--TOPICAL TERM | |
| Topical term or geographic name entry element | Philosophie. |
| 650 #7 - SUBJECT ADDED ENTRY--TOPICAL TERM | |
| Topical term or geographic name entry element | philosophy. |
| Source of heading or term | aat |
| 650 #7 - SUBJECT ADDED ENTRY--TOPICAL TERM | |
| Topical term or geographic name entry element | Philosophy. |
| Source of heading or term | fast |
| Authority record control number or standard number | (OCoLC)fst01060777 |
| 655 #7 - INDEX TERM--GENRE/FORM | |
| Authority record control number or standard number | (DE-588)4179998-7 |
| Genre/form data or focus term | Monografische Reihe |
| Source of term | gnd-content |
| 710 2# - ADDED ENTRY--CORPORATE NAME | |
| Corporate name or jurisdiction name as entry element | University of California, Berkeley. |
| Real World Object URI | https://id.oclc.org/worldcat/entity/E39QH7JmtdhhRVgpGjFRFYkXM6 |
| 776 08 - ADDITIONAL PHYSICAL FORM ENTRY | |
| Relationship information | Online version: |
| Title | University of California publications. Philosophy |
| Record control number | (OCoLC)776120832 |
| 785 00 - SUCCEEDING ENTRY | |
| Title | University of California publications in philosophy |
| International Standard Serial Number | 0749-1883 |
| Record control number | (OCoLC)8894398 |
| -- | (OCoLC)8894398 |
| 906 ## - LOCAL DATA ELEMENT F, LDF (RLIN) | |
| a | 7 |
| b | cbc |
| c | serials |
| d | 3 |
| e | ncip |
| f | 19 |
| g | n-oclcserc |
| 938 ## - | |
| -- | Kirtas Technologies, Inc. |
| -- | KRTS |
| -- | 1039817 |
| 991 ## - | |
| -- | c-GenColl |
| -- | B21 |
| -- | .C25 |
| -- | SERIALS |
| Withdrawn status | Lost status | Damaged status | Not for loan | Home library | Current library | Shelving location | Date acquired | Total checkouts | Full call number | Barcode | Date last seen | Price effective from | Koha item type |
|---|---|---|---|---|---|---|---|---|---|---|---|---|---|
| Franklin | Franklin | General stacks | 22/03/2026 | 106 | LOC-FRL-00032 | 22/03/2026 | 22/03/2026 | Books |